书目信息 |
| 题名: |
电气控制与PLC
|
|
| 作者: | 阮友德 , 阮雄锋 主编 | |
| 分册: | ||
| 出版信息: | 北京 人民邮电出版社 2020.04 |
|
| 页数: | 267页 | |
| 开本: | 26cm | |
| 丛书名: | ||
| 单 册: | ||
| 中图分类: | TM571.2 , TM571.61 | |
| 科图分类: | ||
| 主题词: | 电气控制--dian qi kong zhi--职业教育--教材 , PLC技术--PLC ji shu--职业教育--教材 | |
| 电子资源: | ||
| ISBN: | 978-7-115-52610-6 | |
| 000 | 01224nam0 2200301 450 | |
| 001 | 202020139197 | |
| 005 | 20200926181346.0 | |
| 010 | @a978-7-115-52610-6@dCNY49.80 | |
| 100 | @a20200916d2020 em y0chiy50 ea | |
| 101 | 0 | @achi |
| 102 | @aCN@b110000 | |
| 105 | @aa a 000yy | |
| 106 | @ar | |
| 200 | 1 | @a电气控制与PLC@Adian qi kong zhi yu PLC@f阮友德, 阮雄锋主编 |
| 205 | @a第3版 | |
| 210 | @a北京@c人民邮电出版社@d2020.04 | |
| 215 | @a267页@c图@d26cm | |
| 320 | @a有书目 | |
| 330 | @a本书共9章, 包含了33个实训项目, 第一篇为电气控制系统及其应用, 内容涵盖了常用低压电器、电气控制的基本电路以及控制系统的分析、设计与检修 ; 第二篇为PLC技术及其应用, 内容涵盖了三菱FX2N和FX3U系列PLC的编程软件、组成与原理、基本逻辑指令、步进顺控指令、功能指令及其应用 ; 第三篇为PLC变频器综合应用, 内容涵盖了三菱变频器的工作原理、基本操作及其与PLC的综合应用。 | |
| 333 | @a职业院校电类“十三五”微课版规划教材 | |
| 606 | 0 | @a电气控制@Adian qi kong zhi@x职业教育@j教材 |
| 606 | 0 | @aPLC技术@APLC ji shu@x职业教育@j教材 |
| 690 | @aTM571.2@v5 | |
| 690 | @aTM571.61@v5 | |
| 701 | 0 | @a阮友德@Aruan you de@4主编 |
| 701 | 0 | @a阮雄锋@Aruan xiong feng@4主编 |
| 801 | 0 | @aCN@c20200421 |
| 905 | @a河南城建学院图书馆@dTM571.2@eR900 | |
| 电气控制与PLC/阮友德, 阮雄锋主编.-第3版.-北京:人民邮电出版社,2020.04 |
| 267页:图;26cm |
| 使用对象:职业院校电类“十三五”微课版规划教材 |
| ISBN 978-7-115-52610-6:CNY49.80 |
| 本书共9章, 包含了33个实训项目, 第一篇为电气控制系统及其应用, 内容涵盖了常用低压电器、电气控制的基本电路以及控制系统的分析、设计与检修 ; 第二篇为PLC技术及其应用, 内容涵盖了三菱FX2N和FX3U系列PLC的编程软件、组成与原理、基本逻辑指令、步进顺控指令、功能指令及其应用 ; 第三篇为PLC变频器综合应用, 内容涵盖了三菱变频器的工作原理、基本操作及其与PLC的综合应用。 |
| ● |
| 相关链接 |
|
|
|
正题名:电气控制与PLC
索取号:TM571.2/R900
 
预约/预借
| 序号 | 登录号 | 条形码 | 馆藏地/架位号 | 状态 | 备注 |
| 1 | 1488649 | 214886499 | 自科库301/301自科库 13排2列1层/ [索取号:TM571.2/R900] | 在馆 | |
| 2 | 1488650 | 214886505 | 自科库301/301自科库 13排2列1层/ [索取号:TM571.2/R900] | 在馆 |